[Event "CEG vs Legends 2012"]
[Site "Geneve SUI"]
[Date "2012.08.05"]
[Round "2"]
[White "Spraggett, Kevin"]
[Black "Rindlisbacher, Lars"]
[Result "0-1"]
[WhiteElo "2595"]
[BlackElo "2304"]
[PlyCount "146"]
[EventDate "2012.08.04"]
[WhiteTeam "Les Legendes"]
[BlackTeam "CEG"]

1. d4 Nf6 2. c4 e6 3. Nf3 c5 4. d5 d6 5. Nc3 exd5 6. cxd5 g6 7. Nd2 Nbd7 8. e4
Bg7 9. Be2 O-O 10. O-O Re8 11. a4 Ne5 12. Ra3 g5 13. Re1 a6 14. Nf1 h6 15. a5
Bd7 16. Ng3 Ng6 17. Bd2 Rc8 18. Rb3 Rc7 19. Rb6 Bc8 20. Nh5 Nxe4 21. Nxg7 Kxg7
22. Nxe4 Rxe4 23. Bc3+ f6 24. Rf1 Bf5 25. Bd3 Rf4 26. g3 Bxd3 27. Qxd3 c4 28.
Qc2 Rf3 29. Qe4 Rd3 30. f4 gxf4 31. gxf4 Qe7 32. Qf5 Nh4 33. Qe6 Qxe6 34. dxe6
Re7 35. f5 Rd5 36. Rf4 Nxf5 37. Rg4+ Kf8 38. Rxc4 Rxe6 39. Rxb7 Ne7 40. Rf4
Rg5+ 41. Kf2 Nd5 42. h4 Nxf4 43. hxg5 hxg5 44. b4 d5 45. Bd4 Ke8 46. Kf3 Kd8
47. Kg4 Kc8 48. Rf7 Nd3 49. Bxf6 Nxb4 50. Kxg5 Nc6 51. Rf8+ Kc7 52. Ra8 Kb7 53.
Rh8 Nxa5 54. Kf5 Re2 55. Rd8 Kc6 56. Rc8+ Kb5 57. Rb8+ Kc6 58. Rc8+ Kb7 59. Rd8
Nc4 60. Bd4 Rd2 61. Bg1 Rd1 62. Bh2 a5 63. Ke6 Kc6 64. Rc8+ Kb5 65. Rb8+ Kc5
66. Rc8+ Kd4 67. Ra8 Re1+ 68. Kf5 Kc3 69. Bc7 Ra1 70. Rd8 d4 71. Ke4 Re1+ 72.
Kd5 Rh1 73. Rc8 Rh5+ 0-1

[Event "CEG vs Legends 2012"]
[Site "Geneve SUI"]
[Date "2012.08.05"]
[Round "3"]
[White "Gerber, Richard"]
[Black "Hort, Vlastimil"]
[Result "1-0"]
[WhiteElo "2408"]
[BlackElo "2475"]
[PlyCount "119"]
[EventDate "2012.08.04"]
[WhiteTeam "CEG"]
[BlackTeam "Les Legendes"]

1. d4 d6 2. Nf3 Bg4 3. c4 Nd7 4. Nc3 e5 5. g3 c6 6. Bg2 Qb6 7. d5 Ngf6 8. O-O
Be7 9. Nh4 Nc5 10. dxc6 bxc6 11. b4 Nb7 12. b5 Nd8 13. bxc6 Nxc6 14. Be3 Qc7
15. Nb5 Qb7 16. Nxa7 Rxa7 17. Bxc6+ Qxc6 18. Bxa7 Qxc4 19. f3 Be6 20. Qb3 Qc7
21. Qb6 Qxb6+ 22. Bxb6 Nd5 23. Ba5 Ne3 24. Rfc1 Nc4 25. Be1 d5 26. a4 Kd7 27.
a5 Ra8 28. a6 Kc6 29. Bf2 Bxh4 30. gxh4 d4 31. f4 f6 32. fxe5 fxe5 33. Bg3 Kd5
34. a7 Ke4 35. Ra4 Bd5 36. Rcxc4 Bxc4 37. Rxc4 Rxa7 38. Rc5 Re7 39. Kf2 h5 40.
Ra5 Rf7+ 41. Ke1 Rf5 42. Ra3 g6 43. Kd2 Rf6 44. Ke1 Rf5 45. Bf2 Rf6 46. Rg3 Ra6
47. Kf1 Ra1+ 48. Be1 Kf5 49. Rg5+ Kf6 50. Kf2 Ra2 51. Kf1 Ra1 52. Rg3 e4 53.
Rb3 Rd1 54. Rb5 e3 55. Rd5 Ke6 56. Rg5 Kf6 57. Rg1 Kf5 58. Kg2 g5 59. hxg5 Kxg5
60. Bh4+ 1-0

[Event "CEG vs Legends 2012"]
[Site "Geneve SUI"]
[Date "2012.08.05"]
[Round "3"]
[White "Domont, Alexandre"]
[Black "Spraggett, Kevin"]
[Result "1-0"]
[WhiteElo "2361"]
[BlackElo "2595"]
[PlyCount "80"]
[EventDate "2012.08.04"]
[WhiteTeam "CEG"]
[BlackTeam "Les Legendes"]

1. e4 c5 2. Nf3 e6 3. g3 d5 4. exd5 exd5 5. d4 Nf6 6. Bg2 Be7 7. O-O O-O 8.
dxc5 Bxc5 9. Nbd2 h6 10. Nb3 Bb6 11. Nfd4 Nc6 12. Re1 Bg4 13. f3 Bh5 14. Be3
Re8 15. Kh1 Ne5 16. Bg1 Qd7 17. a4 a6 18. a5 Ba7 19. Nc1 Bg6 20. Nd3 Nxd3 21.
Rxe8+ Rxe8 22. cxd3 Bc5 23. Qf1 Bf8 24. f4 Bh7 25. Qf3 h5 26. h3 Bd6 27. f5 Be5
28. g4 hxg4 29. hxg4 g6 30. Bf2 gxf5 31. Nxf5 Bxf5 32. gxf5 Kg7 33. Re1 Bc7 34.
Be3 Qd6 35. Kg1 Bxa5 36. Re2 Bb6 37. d4 Rh8 38. Bf4 Bxd4+ 39. Kf1 Qc5 40. Qg3+
Kh7 1-0

[Event "CEG vs Legends 2012"]
[Site "Geneve SUI"]
[Date "2012.08.05"]
[Round "3"]
[White "Vuilleumier, Alexandre"]
[Black "Korchnoi, Viktor"]
[Result "1-0"]
[WhiteElo "2332"]
[BlackElo "2519"]
[PlyCount "67"]
[EventDate "2012.08.04"]
[WhiteTeam "CEG"]
[BlackTeam "Les Legendes"]

1. e4 e6 2. d4 d5 3. e5 c5 4. c3 Qb6 5. Nf3 Nc6 6. Be2 Nh6 7. Bxh6 gxh6 8. Qd2
Bg7 9. O-O O-O 10. Na3 f6 11. exf6 Rxf6 12. Nc2 cxd4 13. cxd4 a5 14. a4 Bd7 15.
Bb5 Raf8 16. Bxc6 Bxc6 17. Ne5 Rf5 18. b4 Bxe5 19. dxe5 axb4 20. a5 Qc5 21. Nd4
Rxe5 22. Rfc1 Qd6 23. a6 Rh5 24. g3 e5 25. a7 Ra8 26. Qe2 Rg5 27. Nxc6 bxc6 28.
Qa6 Rg7 29. Rxc6 Qd7 30. Rac1 Rxa7 31. Rc8+ Kf7 32. Qxh6 Qg4 33. Qd6 Re7 34.
R1c7 1-0

[Event "CEG vs Legends 2012"]
[Site "Geneve SUI"]
[Date "2012.08.06"]
[Round "4"]
[White "Spraggett, Kevin"]
[Black "Gerber, Richard"]
[Result "1-0"]
[WhiteElo "2595"]
[BlackElo "2408"]
[PlyCount "55"]
[EventDate "2012.08.04"]
[WhiteTeam "Les Legendes"]
[BlackTeam "CEG"]

1. e4 c5 2. Nf3 d6 3. d4 cxd4 4. Nxd4 Nf6 5. Nc3 g6 6. Be3 Bg7 7. f3 Nc6 8. Qd2
O-O 9. O-O-O d5 10. Qe1 e6 11. Kb1 Re8 12. Nb3 Qc7 13. Qh4 dxe4 14. fxe4 b6 15.
Be2 Qe7 16. Bg5 h6 17. Bxh6 Nd5 18. Bg5 Nxc3+ 19. bxc3 Qc7 20. Rhf1 Na5 21. Rd3
e5 22. g4 Bb7 23. Rh3 Re6 24. Qh7+ Kf8 25. Bh6 Bxh6 26. Qxh6+ Ke8 27. Qh8+ Ke7
28. Rxf7+ 1-0

[Event "CEG vs Legends 2012"]
[Site "Geneve SUI"]
[Date "2012.08.06"]
[Round "4"]
[White "Hort, Vlastimil"]
[Black "Dubessay, Bastien"]
[Result "1-0"]
[WhiteElo "2475"]
[BlackElo "2350"]
[PlyCount "119"]
[EventDate "2012.08.04"]
[WhiteTeam "Les Legendes"]
[BlackTeam "CEG"]

1. Nf3 Nf6 2. c4 c5 3. d4 cxd4 4. Nxd4 g6 5. Nc3 Bg7 6. e4 d6 7. Be2 O-O 8. Be3
Nc6 9. Qd2 Bd7 10. f3 a6 11. O-O Rb8 12. Rfd1 b5 13. Rac1 Nxd4 14. Bxd4 bxc4
15. Bxc4 Bb5 16. Bxb5 axb5 17. Kh1 b4 18. Bxf6 exf6 19. Ne2 Qa5 20. b3 Ra8 21.
Nd4 Qxa2 22. Qxb4 Bh6 23. Rc2 Qa1 24. Qe1 Qa3 25. b4 Qa4 26. b5 Rfc8 27. Rxc8+
Rxc8 28. Nc6 Rxc6 29. bxc6 Qxc6 30. Qa5 Bf8 31. Qd5 Qc2 32. Qd3 Qc5 33. g3 Kg7
34. Kg2 Be7 35. Rd2 Bf8 36. Qd4 Qa5 37. Rb2 Qe5 38. Rd2 Qa5 39. Qd5 Qc3 40. h4
Qe3 41. Qd3 Qc5 42. f4 Be7 43. Qd4 Qa5 44. Rb2 Qa1 45. Rd2 Qa5 46. Rc2 Qe1 47.
Rf2 Qa5 48. Qd5 Qc3 49. Re2 Qa1 50. Ra2 Qe1 51. Qc4 Qe3 52. Rb2 Qa7 53. h5 g5
54. Rf2 h6 55. fxg5 hxg5 56. h6+ Kg6 57. h7 Qa8 58. Kf3 Qh8 59. Rh2 Bf8 60. Qc8
1-0

[Event "CEG vs Legends 2012"]
[Site "Geneve SUI"]
[Date "2012.08.07"]
[Round "5"]
[White "Vuilleumier, Alexandre"]
[Black "Hort, Vlastimil"]
[Result "0-1"]
[WhiteElo "2332"]
[BlackElo "2475"]
[PlyCount "132"]
[EventDate "2012.08.04"]
[WhiteTeam "CEG"]
[BlackTeam "Les Legendes"]

1. d4 d5 2. c4 e6 3. Nc3 Nf6 4. cxd5 exd5 5. Bg5 Be7 6. e3 c6 7. Bd3 Nbd7 8.
Qc2 O-O 9. Nge2 Re8 10. O-O-O Nf8 11. Kb1 a5 12. h3 Ra7 13. g4 Ne4 14. Bxe7
Nxc3+ 15. Qxc3 Qxe7 16. Rc1 Bd7 17. Ng3 Rc8 18. Nf5 Bxf5 19. Bxf5 Rc7 20. Qc5
Qxc5 21. Rxc5 g6 22. Bd3 Ne6 23. Rc3 Kf8 24. h4 Ke7 25. h5 Ra8 26. f4 Kd6 27.
hxg6 hxg6 28. Rh6 Rg8 29. f5 Nf8 30. Kc2 Ke7 31. Ra3 b6 32. Rb3 b5 33. Rc3 Kd6
34. e4 dxe4 35. Bxe4 c5 36. dxc5+ Rxc5 37. Rxc5 Kxc5 38. Kc3 b4+ 39. Kd3 Nd7
40. Ke3 Ne5 41. Kf4 Kd4 42. Bc2 g5+ 43. Kg3 Rc8 44. Rd6+ Ke3 45. Bd1 Rc4 46. f6
Rd4 47. Rxd4 Kxd4 48. Bb3 Ke3 49. a3 Nd7 50. axb4 axb4 51. Bxf7 Nxf6 52. Be6
Ne4+ 53. Kg2 Nc5 54. Bf7 Nd3 55. b3 Kf4 56. Kf1 Kf3 57. Be6 Ne5 58. Bd5+ Kxg4
59. Ke2 Kf4 60. Bb7 g4 61. Bh1 Nf3 62. Kd3 Kg3 63. Ke4 Nd2+ 64. Kd3 Nxb3 65.
Bd5 Na5 66. Kd4 Kf2 0-1

[Event "CEG vs Legends 2012"]
[Site "Geneve SUI"]
[Date "2012.08.07"]
[Round "6"]
[White "Spraggett, Kevin"]
[Black "Vuilleumier, Alexandre"]
[Result "1-0"]
[WhiteElo "2595"]
[BlackElo "2332"]
[PlyCount "151"]
[EventDate "2012.08.04"]
[WhiteTeam "Les Legendes"]
[BlackTeam "CEG"]

1. c4 c5 2. Nc3 Nc6 3. g3 e5 4. Bg2 g6 5. b3 Bg7 6. Bb2 Nge7 7. d3 O-O 8. Qd2
d6 9. e3 Be6 10. Nd5 Bxd5 11. cxd5 Nb4 12. e4 Qa5 13. Bc3 Qb5 14. Bf1 Qb6 15.
Nh3 Rac8 16. Be2 Na6 17. O-O Nb8 18. Kg2 Qc7 19. a4 Nd7 20. f3 b6 21. b4 cxb4
22. Bxb4 Qc2 23. Ra2 Qxd2 24. Bxd2 Rc7 25. Rb1 Rb8 26. Nf2 Kf8 27. Nd1 Nc8 28.
Kf2 Ke8 29. Bf1 Bf6 30. Bh3 Bd8 31. Ke2 Rcb7 32. Nc3 a6 33. Rab2 Bc7 34. Be3
Bd8 35. Bc1 Bc7 36. Rc2 Bd8 37. Bg2 Nc5 38. f4 Bf6 39. Rb4 Nd7 40. Na2 Na7 41.
fxe5 dxe5 42. Rbc4 Be7 43. Be3 a5 44. Nc3 Bb4 45. d4 exd4 46. Bxd4 Nc5 47. e5
Rd8 48. Bxc5 bxc5 49. Ne4 Re7 50. Nf6+ Kf8 51. Re4 Kg7 52. Ke3 Rb7 53. Bf1 Ba3
54. Bc4 Rb2 55. Rxb2 Bxb2 56. Ng4 h5 57. Nf2 Nc8 58. Nd3 Bc3 59. Nxc5 Nb6 60.
e6 Bb4 61. Nb7 Rb8 62. e7 Nxc4+ 63. Rxc4 Bxe7 64. Rc7 Bd8 65. Rd7 Bb6+ 66. Kd3
Re8 67. Nd6 Re3+ 68. Kc4 Rf3 69. Ne4 Bg1 70. d6 h4 71. Rb7 hxg3 72. hxg3 Rf1
73. d7 Rd1 74. Rb1 Rd4+ 75. Kc3 Be3 76. Re1 1-0

[Event "CEG vs Legends 2012"]
[Site "Geneve SUI"]
[Date "2012.08.07"]
[Round "6"]
[White "Hort, Vlastimil"]
[Black "Rindlisbacher, Lars"]
[Result "0-1"]
[WhiteElo "2475"]
[BlackElo "2304"]
[PlyCount "128"]
[EventDate "2012.08.04"]
[WhiteTeam "Les Legendes"]
[BlackTeam "CEG"]

1. e4 c5 2. Nf3 e6 3. d3 Nc6 4. g3 g6 5. Bg2 Bg7 6. O-O Nge7 7. Re1 d6 8. c3
O-O 9. a3 b6 10. d4 a5 11. d5 Ne5 12. Nxe5 dxe5 13. c4 Ba6 14. b3 exd5 15. cxd5
Nc8 16. Nc3 Nd6 17. a4 Qd7 18. Ra2 f5 19. f3 f4 20. Bf1 Bxf1 21. Rxf1 Qh3 22.
Rg2 g5 23. Nb5 Nxb5 24. axb5 Qd7 25. gxf4 gxf4 26. Bb2 Qd6 27. Kh1 Kh8 28. Rfg1
Bf6 29. Qf1 Rg8 30. Bc3 Rxg2 31. Qxg2 Qd7 32. Qg4 Qxg4 33. Rxg4 a4 34. bxa4
Rxa4 35. Kg2 Ra2+ 36. Kh3 Ra3 37. Rxf4 exf4 38. Bxf6+ Kg8 39. Kg4 c4 40. Kxf4
Rd3 41. Ke5 Kf7 42. Bg5 h6 43. Bxh6 Ke7 44. f4 c3 45. f5 c2 46. Bg5+ Kd7 47.
Kf6 Rd4 48. e5 Rxd5 49. h4 Ke8 50. Ke6 Rd1 51. f6 Rf1 52. h5 c1=Q 53. f7+ Kf8
54. Bxc1 Rxc1 55. h6 Rh1 56. Kd7 Kxf7 57. e6+ Kf6 58. e7 Rd1+ 59. Kc7 Kxe7 60.
Kxb6 Kd8 61. Kb7 Rh1 62. b6 Rxh6 63. Ka7 Rh1 64. b7 Ra1+ 0-1

[Event "CEG vs Legends 2012"]
[Site "Geneve SUI"]
[Date "2012.08.08"]
[Round "7"]
[White "Dubessay, Bastien"]
[Black "Korchnoi, Viktor"]
[Result "1-0"]
[WhiteElo "2350"]
[BlackElo "2519"]
[PlyCount "105"]
[EventDate "2012.08.04"]
[WhiteTeam "CEG"]
[BlackTeam "Les Legendes"]

1. d4 Nf6 2. c4 e6 3. Nc3 Bb4 4. g3 d5 5. Bg2 O-O 6. Nf3 dxc4 7. a3 Be7 8. e4
c5 9. d5 exd5 10. exd5 Bd6 11. O-O Bf5 12. Re1 Nbd7 13. Nh4 Bd3 14. Bf1 Bxf1
15. Kxf1 Ne5 16. Bg5 Qd7 17. Bxf6 Qh3+ 18. Ng2 gxf6 19. Re4 Ng6 20. Kg1 a6 21.
a4 f5 22. Rxc4 Rae8 23. f4 Re7 24. a5 Rfe8 25. Qf3 h5 26. Rf1 Qg4 27. Qxg4 hxg4
28. Kf2 Kg7 29. Re1 Rxe1 30. Nxe1 Rh8 31. Kg2 Nf8 32. Na4 Nd7 33. Nd3 Re8 34.
Kf2 Re4 35. Rxe4 fxe4 36. Nc1 Bc7 37. Nb3 c4 38. Nbc5 Nf6 39. Nxb7 Nxd5 40.
Nac5 Nb4 41. Ke3 Nc6 42. Nxa6 Nxa5 43. Nxc7 Nxb7 44. Kxe4 Nc5+ 45. Kd4 Na4 46.
Kxc4 Nxb2+ 47. Kd4 Kf6 48. Ke4 Nc4 49. Nd5+ Kg6 50. Ne3 Nb6 51. Kd4 f5 52. Ke5
Nd7+ 53. Kd6 1-0

[Event "CEG vs Legends 2012"]
[Site "Geneve SUI"]
[Date "2012.08.08"]
[Round "7"]
[White "Rindlisbacher, Lars"]
[Black "Spraggett, Kevin"]
[Result "0-1"]
[WhiteElo "2304"]
[BlackElo "2595"]
[PlyCount "70"]
[EventDate "2012.08.04"]
[WhiteTeam "CEG"]
[BlackTeam "Les Legendes"]

1. d4 Nf6 2. c4 c5 3. d5 d6 4. Nf3 g6 5. Nc3 Bg7 6. e4 O-O 7. Be2 e5 8. O-O Ng4
9. Ne1 f5 10. exf5 gxf5 11. Bxg4 fxg4 12. Ne4 Bf5 13. Qe2 Na6 14. f3 gxf3 15.
Nxf3 h6 16. Bd2 Qe7 17. g3 Bh7 18. Nh4 Qd7 19. Rae1 Nc7 20. Qh5 Rxf1+ 21. Kxf1
Rf8+ 22. Kg1 Ne8 23. Qe2 Nf6 24. Nxf6+ Rxf6 25. Bc3 a6 26. Nf3 b5 27. b3 bxc4
28. bxc4 Qf5 29. Nd2 Qc2 30. Qe3 h5 31. Nf3 Qxa2 32. Ng5 Qxc4 33. Nxh7 Kxh7 34.
Qg5 Qxc3 35. Qxh5+ Bh6 0-1

[Event "CEG vs Legends 2012"]
[Site "Geneve SUI"]
[Date "2012.08.08"]
[Round "8"]
[White "Hort, Vlastimil"]
[Black "Gerber, Richard"]
[Result "1/2-1/2"]
[WhiteElo "2475"]
[BlackElo "2408"]
[PlyCount "66"]
[EventDate "2012.08.04"]
[WhiteTeam "Les Legendes"]
[BlackTeam "CEG"]

1. d4 Nf6 2. c4 g6 3. Nc3 Bg7 4. e4 d6 5. f3 O-O 6. Bg5 Nc6 7. Nge2 a6 8. Qd2
Rb8 9. Rc1 Bd7 10. Nd1 e5 11. d5 Nd4 12. Nxd4 exd4 13. Nf2 c5 14. Bd3 b5 15.
O-O Qb6 16. b3 bxc4 17. Bxc4 Bb5 18. Nd3 Rfe8 19. Rce1 a5 20. Bxf6 Bxf6 21. f4
a4 22. e5 Bg7 23. exd6 axb3 24. axb3 Bd7 25. Ne5 Qxd6 26. Qf2 Re7 27. Nxd7 Qxd7
28. Rxe7 Qxe7 29. Re1 Qd6 30. Qf3 Bf6 31. g3 Kg7 32. Kg2 Ra8 33. Qe4 Ra2+
1/2-1/2

[Event "CEG vs Legends 2012"]
[Site "Geneve SUI"]
[Date "2012.08.08"]
[Round "8"]
[White "Spraggett, Kevin"]
[Black "Domont, Alexandre"]
[Result "1-0"]
[WhiteElo "2595"]
[BlackElo "2361"]
[PlyCount "80"]
[EventDate "2012.08.04"]
[WhiteTeam "Les Legendes"]
[BlackTeam "CEG"]

1. e4 c5 2. Nf3 Nc6 3. d4 cxd4 4. Nxd4 e5 5. Nb5 d6 6. c4 f5 7. exf5 Bxf5 8.
Bd3 Be6 9. O-O Be7 10. N5c3 Nf6 11. b3 O-O 12. Bb2 a6 13. Nd2 b5 14. Nde4 Nd4
15. Nxf6+ Bxf6 16. Nd5 Bxd5 17. cxd5 Qb6 18. Be4 Rac8 19. Qg4 g6 20. h4 Kh8 21.
h5 gxh5 22. Qxh5 Rc7 23. Rad1 Rg7 24. Rd3 Qa7 25. Bxd4 exd4 26. Rf3 Qe7 27. Rf4
Rg5 28. Qf3 Re5 29. Rd1 Bg7 30. Rxf8+ Bxf8 31. Rxd4 Bg7 32. a4 Qe8 33. axb5
axb5 34. g3 Re7 35. Rb4 Bb2 36. Bd3 Rf7 37. Qe4 Re7 38. Qh4 Rf7 39. Rf4 b4 40.
Bg6 Rxf4 1-0

[Event "CEG vs Legends 2012"]
[Site "Geneve SUI"]
[Date "2012.08.09"]
[Round "9"]
[White "Rindlisbacher, Lars"]
[Black "Korchnoi, Viktor"]
[Result "1/2-1/2"]
[WhiteElo "2304"]
[BlackElo "2519"]
[PlyCount "101"]
[EventDate "2012.08.04"]
[WhiteTeam "CEG"]
[BlackTeam "Les Legendes"]

1. d4 Nf6 2. c4 e6 3. Nf3 b6 4. e3 Bb7 5. Bd3 Bb4+ 6. Bd2 Be7 7. O-O c5 8. Bc3
O-O 9. Nbd2 d5 10. Qe2 Ne4 11. cxd5 exd5 12. dxc5 bxc5 13. Bxe4 dxe4 14. Ne5
Nd7 15. Qb5 Nb6 16. Nc6 Qc7 17. Nxe7+ Qxe7 18. Nc4 Bd5 19. Nxb6 axb6 20. Rfd1
Qe6 21. b3 Rfd8 22. Rd2 Qc6 23. Qxc6 Bxc6 24. Rad1 Rxd2 25. Rxd2 f6 26. Rd6 Rc8
27. Kf1 Kf7 28. Ke1 Ke7 29. Rd2 Bb5 30. f3 Bd3 31. fxe4 Bxe4 32. a4 Ke6 33. b4
cxb4 34. Bxb4 Ra8 35. Rd6+ Kf5 36. Rxb6 Rxa4 37. Rb5+ Kg4 38. Bc3 Bxg2 39. Rb4+
Rxb4 40. Bxb4 Kf3 41. Bf8 g6 42. Bg7 f5 43. Bh6 Bh3 44. Kd2 Kg2 45. Bf4 h5 46.
Kd3 Kf3 47. Bh6 h4 48. Bg5 Bf1+ 49. Kd2 Kg4 50. Be7 Bb5 51. Ke1 1/2-1/2

[Event "CEG vs Legends 2012"]
[Site "Geneve SUI"]
[Date "2012.08.09"]
[Round "9"]
[White "Dubessay, Bastien"]
[Black "Hort, Vlastimil"]
[Result "1/2-1/2"]
[WhiteElo "2350"]
[BlackElo "2475"]
[PlyCount "96"]
[EventDate "2012.08.04"]
[WhiteTeam "CEG"]
[BlackTeam "Les Legendes"]

1. d4 f5 2. g3 Nf6 3. Bg2 g6 4. c3 Bg7 5. Qb3 c6 6. Nh3 Qb6 7. Nd2 Qxb3 8. axb3
Na6 9. Nc4 Nc7 10. Nf4 d6 11. h4 O-O 12. h5 Nxh5 13. Nxh5 gxh5 14. Rxh5 Be6 15.
Bg5 Rf7 16. O-O-O a5 17. Nd2 a4 18. bxa4 Rxa4 19. Kc2 Bd5 20. Bxd5 Nxd5 21. Nf3
Nf6 22. Bxf6 Rxf6 23. Rhh1 Ra8 24. Ra1 Rff8 25. Rxa8 Rxa8 26. Rh5 Rf8 27. Ng5
Rf6 28. Rh1 h6 29. Nf3 Rf8 30. Ra1 Kf7 31. Ra7 Rb8 32. Kd3 e6 33. Nd2 Ke7 34.
Nb3 Kd7 35. c4 Kc7 36. c5 d5 37. Na5 e5 38. e3 f4 39. g4 e4+ 40. Ke2 f3+ 41.
Kf1 Bf6 42. b4 Bh4 43. Ke1 Kc8 44. Kf1 Kc7 45. Ke1 Kc8 46. Kf1 Bd8 47. Kg1 Bc7
48. Kh1 Bd8 1/2-1/2

[Event "CEG vs Legends 2012"]
[Site "Geneve SUI"]
[Date "2012.08.09"]
[Round "9"]
[White "Gerber, Richard"]
[Black "Spraggett, Kevin"]
[Result "1/2-1/2"]
[WhiteElo "2408"]
[BlackElo "2595"]
[PlyCount "30"]
[EventDate "2012.08.04"]
[WhiteTeam "CEG"]
[BlackTeam "Les Legendes"]

1. c4 e6 2. d4 Nf6 3. Nc3 Bb4 4. e3 O-O 5. Nge2 d5 6. a3 Be7 7. Nf4 c6 8. Bd3
dxc4 9. Bxc4 Nbd7 10. Nd3 c5 11. Nxc5 Nxc5 12. dxc5 Bxc5 13. b4 Be7 14. Bb2
Qxd1+ 15. Rxd1 b6 1/2-1/2

[Event "CEG vs Legends 2012"]
[Site "Geneve SUI"]
[Date "2012.08.10"]
[Round "10"]
[White "Spraggett, Kevin"]
[Black "Dubessay, Bastien"]
[Result "1/2-1/2"]
[WhiteElo "2595"]
[BlackElo "2350"]
[PlyCount "80"]
[EventDate "2012.08.04"]
[WhiteTeam "Les Legendes"]
[BlackTeam "CEG"]

1. e4 c5 2. Nf3 d6 3. d4 cxd4 4. Nxd4 Nf6 5. Nc3 a6 6. Bg5 e6 7. f4 b5 8. e5
dxe5 9. fxe5 Qc7 10. exf6 Qe5+ 11. Be2 Qxg5 12. O-O Qe5 13. Kh1 Ra7 14. fxg7
Bxg7 15. Nf3 Qf4 16. Bd3 Re7 17. Qe2 Bb7 18. Ne4 Qc7 19. c4 b4 20. c5 O-O 21.
Rac1 Bxe4 22. Qxe4 f5 23. Qxb4 Nc6 24. Qb6 Qxb6 25. cxb6 Nb4 26. Bc4 Rb8 27.
Rce1 Rxb6 28. Ng5 Nc2 29. Rxe6 Rexe6 30. Bxe6+ Kh8 31. Rc1 Rxb2 32. Bb3 Bh6 33.
Nf7+ Kg7 34. Nxh6 Nd4 35. Nxf5+ Nxf5 36. h3 h5 37. Rc7+ Kf6 38. g4 hxg4 39.
hxg4 Nd4 40. Rc5 Nxb3 1/2-1/2

[Event "CEG vs Legends 2012"]
[Site "Geneve SUI"]
[Date "2012.08.10"]
[Round "10"]
[White "Hort, Vlastimil"]
[Black "Vuilleumier, Alexandre"]
[Result "1-0"]
[WhiteElo "2475"]
[BlackElo "2332"]
[PlyCount "83"]
[EventDate "2012.08.04"]
[WhiteTeam "Les Legendes"]
[BlackTeam "CEG"]

1. d4 Nf6 2. c4 e6 3. Nc3 Bb4 4. Bg5 O-O 5. e3 h6 6. Bh4 d5 7. Nf3 g5 8. Bg3
Ne4 9. Nd2 Nxc3 10. bxc3 Bxc3 11. Rc1 Bb4 12. h4 Bd6 13. Bxd6 cxd6 14. Qh5 Nc6
15. Qxh6 g4 16. cxd5 exd5 17. Bd3 f5 18. a3 Qe7 19. O-O Nd8 20. Qg6+ Kh8 21.
Qh6+ Kg8 22. f3 Nf7 23. Qf4 Qxh4 24. Rc7 Be6 25. fxg4 fxg4 26. Qf6 Qxf6 27.
Rxf6 Rac8 28. Rxb7 Rc3 29. Rxe6 Rxd3 30. Nf1 Rd1 31. Rg6+ Kh8 32. Rf6 Kg7 33.
Rf4 g3 34. Rf3 Kg6 35. Rxa7 Ra1 36. a4 Rb1 37. a5 Rc1 38. Rb7 Ra1 39. Ra7 Rc1
40. Re7 Ra1 41. a6 Rxa6 42. Nxg3 1-0